000 00388pam a2200169a 44500
008 230405s2001 xxu||||| |||| 00| 0 eng d
041 _aENG
100 _aCAROL BROWN
245 _aOFFICE XP PLAIN & SIMPLE
260 _aNONE
_bADDISON WESLEY LONGMAN
_c2001
300 _a353p.
440 _aRS.225
650 _aWORD
690 _aCO
700 _aRESOURCES ONLINE
906 _a908
999 _c779289
_d779289